000 00799cam a2200217 4500500
005 20260426020052.0
041 _afre
042 _adc
100 1 0 _ade Margerie, Diane
_eauthor
245 0 0 _aLe viol
260 _c2005.
500 _a51
520 _aVictime d’un viol, une jeune fille espère trouver un réconfort auprès de sa famille et tombe dans un cauchemar.
520 _aThe rape As a rape victim, a young girl hopes to find comfort within her family and falls into a nightmare.
690 _aVengeance
690 _aViol
690 _aRape
690 _aVengeance
786 0 _nImaginaire & Inconscient | 15 | 1 | 2005-03-01 | p. 43-45 | 1628-9676
856 4 1 _uhttps://shs.cairn.info/revue-imaginaire-et-inconscient-2005-1-page-43?lang=fr&redirect-ssocas=7080
999 _c2225390
_d2225390